书目信息 |
| 题名: |
河南工业职业技术学院史·第二册高职卷
|
|
| 作者: | 张旭东 | |
| 分册: | ||
| 出版信息: | 西安 西北工业大学出版社 2001.04 |
|
| 页数: | 522页 | |
| 开本: | 27cm | |
| 丛书名: | ||
| 单 册: | ||
| 中图分类: | G719 | |
| 科图分类: | ||
| 主题词: | 教育--类型 | |
| 电子资源: | ||
| ISBN: | 978-7-5612-3086-2 | |
| 000 | 00600nam0 2200193 45 | |
| 001 | 1441306949 | |
| 005 | 20141231143159.56 | |
| 010 | @a978-7-5612-3086-2@d80.00CNY | |
| 100 | @a20141231d2001 km y0chiy0120 ea | |
| 101 | 0 | @achi |
| 102 | @aCN@b610000 | |
| 200 | 1 | @a河南工业职业技术学院史·第二册高职卷@Ahe nan gong ye zhi ye ji shu xue yuan shi·di er ce gao zhi juan@f张旭东@Fzhang xu dong |
| 210 | @a西安@c西北工业大学出版社@d2001.04 | |
| 215 | @a522页@d27cm | |
| 606 | 0 | @a教育@x类型 |
| 690 | @aG719@v4 | |
| 701 | 0 | @a张旭东@Azhang xu dong |
| 801 | 0 | @aCN@bPFT@c20141231 |
| 905 | @a10447@dG719@eZ210 | |
| 河南工业职业技术学院史·第二册高职卷/张旭东.-西安:西北工业大学出版社,2001.04 |
| 522页;27cm |
| ISBN 978-7-5612-3086-2:80.00CNY |
| ● |
| 相关链接 |
|
|
|
正题名:河南工业职业技术学院史·第二册高职卷
索取号:G719/Z210
 
预约/预借
| 序号 | 登录号 | 条形码 | 馆藏地/架位号 | 状态 | 备注 |
| 1 | 495314 | 204953149 | 社科库409/409社科库 16排3列1层/ [索取号:G719/Z210] | 在馆 |